[Event "59th ch-RUS 1st League"]
[Site "Tomsk RUS"]
[Date "2006.09.04"]
[Round "2"]
[White "Landa,K"]
[Black "Sitnikov,D"]
[Result "1-0"]
[WhiteElo "2584"]
[BlackElo "2430"]
[EventDate "2006.09.03"]

1. e4 c5 2. Nf3 Nc6 3. c3 d6 4. d4 Nf6 5. d5 Nb8 6. h3 g6 7. Bd3 Bg7 8. O-O
O-O 9. Bf4 e6 10. dxe6 Bxe6 11. Na3 Nc6 12. Re1 d5 13. exd5 Nxd5 14. Bg3
Qd7 15. Ng5 Bf5 16. Bxf5 Qxf5 17. Ne4 Rad8 18. Nd6 Rxd6 19. Bxd6 Rd8 20.
Bxc5 Nc7 21. Bd4 Nxd4 22. cxd4 Rxd4 23. Qc2 Qxc2 24. Nxc2 Rd2 25. Ne3 Rxb2
26. Rac1 Ne6 27. Rc2 Rb5 28. Rc8+ Bf8 29. g3 Kg7 30. Kg2 Bc5 31. Re2 Bd4
32. Nc4 Rd5 33. Rd2 h5 34. h4 Kf6 35. Re8 Rd7 36. Na3 Re7 37. Rxe7 Kxe7 38.
Nb5 Bc5 39. Nc3 a6 40. Nd5+ Kd6 41. Nf4+ Nd4 42. f3 b5 43. g4 a5 44. gxh5
gxh5 45. Nxh5 Ke5 46. Ng3 b4 47. h5 1-0

[Event "59th ch-RUS 1st League"]
[Site "Tomsk RUS"]
[Date "2006.09.04"]
[Round "2"]
[White "Karpov,Va"]
[Black "Yevseev,D"]
[Result "0-1"]
[WhiteElo "2411"]
[BlackElo "2572"]
[EventDate "2006.09.03"]

1. d4 d5 2. c4 e6 3. Nf3 Nf6 4. Qc2 dxc4 5. Qxc4 a6 6. Bg5 Nbd7 7. e3 c5 8.
dxc5 Bxc5 9. Nbd2 b5 10. Qd3 Bb7 11. Be2 O-O 12. O-O Be7 13. Rac1 h6 14.
Bh4 Nc5 15. Qd4 Rc8 16. Bxf6 Bxf6 17. Qxd8 Rfxd8 18. b3 g5 19. h3 Kg7 20.
Rfd1 Ne4 21. Nxe4 Rxd1+ 22. Rxd1 Bxe4 23. Ne1 Rc5 24. Kf1 a5 25. Bf3 Bg6
26. Be2 b4 27. Bc4 Rc7 28. Rd6 a4 29. Rb6 Bc3 30. Bd3 axb3 31. axb3 Ra7 32.
Ba6 Rd7 33. Nf3 Rd1+ 34. Ke2 Rb1 35. Bc4 Rb2+ 36. Kf1 Rb1+ 37. Ke2 Bc2 38.
Nd2 Rb2 39. Rd6 Be4 0-1

[Event "59th ch-RUS 1st League"]
[Site "Tomsk RUS"]
[Date "2006.09.04"]
[Round "2"]
[White "Kornev,Alexei"]
[Black "Andreikin,D"]
[Result "1-0"]
[WhiteElo "2568"]
[BlackElo "2503"]
[EventDate "2006.09.03"]

1. e4 c6 2. d4 d5 3. exd5 cxd5 4. c4 Nf6 5. Nc3 Nc6 6. Bg5 Be6 7. g3 Qb6 8.
Bg2 Bg4 9. Nge2 Bxe2 10. Nxe2 Qb4+ 11. Nc3 Qxc4 12. Bxf6 gxf6 13. Bxd5 Qa6
14. Qh5 O-O-O 15. Bxc6 bxc6 16. O-O-O Qc4 17. Kb1 Bg7 18. Rhe1 Rd7 19. Qg4
Bf8 20. Qf3 e6 21. Qxf6 Rg8 22. Qf3 Bb4 23. Rc1 Kb7 24. Re4 Bxc3 25. Rxc3
Qf1+ 26. Rc1 Qb5 27. Re5 Qa6 28. Rec5 Rc8 29. R1c4 Rcc7 30. Qd3 Ka8 31.
Qxh7 Rd5 32. Qg8+ Rc8 33. Rxc6 Qxa2+ 34. Kxa2 Rxg8 35. Rc7 Rf5 36. Ra4 a5
37. Rc5 Rxf2 38. Rb5 1-0

[Event "59th ch-RUS 1st League"]
[Site "Tomsk RUS"]
[Date "2006.09.04"]
[Round "2"]
[White "Gochelashvili,D"]
[Black "Vitiugov,N"]
[Result "0-1"]
[WhiteElo "2448"]
[BlackElo "2555"]
[EventDate "2006.09.03"]

1. d4 g6 2. Nf3 Bg7 3. Bf4 d6 4. Nbd2 Nd7 5. e4 Ngf6 6. Be2 O-O 7. O-O Nh5
8. Be3 e5 9. dxe5 dxe5 10. Re1 Nf4 11. Bf1 Qe7 12. c3 a5 13. a4 Nc5 14. Nb3
Nce6 15. Qc2 b6 16. Rad1 Bb7 17. g3 Nh5 18. Bc4 Rad8 19. Bd5 Bc8 20. Qe2
Kh8 21. Qb5 h6 22. c4 Qf6 23. Nfd2 Ng5 24. c5 Nh3+ 25. Kg2 N5f4+ 26. Bxf4
exf4 27. Qc6 Qxb2 28. Rb1 Qc2 29. Qxc7 f3+ 30. Kxf3 Rxd5 31. exd5 Qf5+ 32.
Kg2 Qxf2+ 33. Kh1 Qf5 34. Qd6 Qd3 35. Kg2 b5 36. Rbd1 Bg4 37. Nc1 Qc2 38.
axb5 Bxd1 39. Kxh3 Qxd2 40. Rxd1 Qxd1 0-1

[Event "59th ch-RUS 1st League"]
[Site "Tomsk RUS"]
[Date "2006.09.04"]
[Round "2"]
[White "Volkov,S1"]
[Black "Shabanov,Y"]
[Result "1-0"]
[WhiteElo "2628"]
[BlackElo "2443"]
[EventDate "2006.09.03"]

1. d4 d5 2. c4 c6 3. Nf3 Nf6 4. Qc2 g6 5. Bf4 Bg7 6. e3 O-O 7. Nc3 Na6 8.
Be2 c5 9. O-O cxd4 10. Nxd4 dxc4 11. Bxc4 Nb4 12. Qb3 Nc6 13. Nxc6 bxc6 14.
Qa3 Nd7 15. Rfd1 e5 16. Bg3 Qc7 17. Qe7 Qb7 18. Bb3 Nb6 19. Qd6 a5 20. Bxe5
Bxe5 21. Qxe5 a4 22. Bc2 Nc4 23. Qd4 Nxb2 24. Rab1 a3 25. Ne4 Qa7 26. Nf6+
Kh8 27. Qf4 Kg7 28. Nh5+ gxh5 29. Qg5+ Kh8 30. Qh6 Bf5 31. Bxf5 1-0

[Event "59th ch-RUS 1st League"]
[Site "Tomsk RUS"]
[Date "2006.09.04"]
[Round "2"]
[White "Gubajdullin,A"]
[Black "Shomoev,A"]
[Result "0-1"]
[WhiteElo "2431"]
[BlackElo "2528"]
[EventDate "2006.09.03"]

1. e4 c5 2. Nf3 d6 3. d4 cxd4 4. Nxd4 Nf6 5. Nc3 a6 6. Bg5 e6 7. f4 Qc7 8.
Qf3 b5 9. O-O-O b4 10. Nce2 Nbd7 11. g4 Bb7 12. Ng3 O-O-O 13. f5 Nc5 14.
Bxf6 gxf6 15. fxe6 fxe6 16. Bc4 Bh6+ 17. Kb1 Rhe8 18. Rhe1 Kb8 19. a3 bxa3
20. Qxa3 Bf4 21. Qa2 Rc8 22. Ka1 Qb6 23. c3 Bxg3 24. hxg3 Nxe4 25. Bxe6 Rc5
26. Qb3 Qa5+ 27. Kb1 Ka8 28. Kc2 Qc7 29. Ra1 Re5 30. Rxa6+ Bxa6 31. Ra1 Qb7
32. Bd5 Rxd5 33. Rxa6+ Qxa6 34. Qxd5+ Qb7 35. Nc6 Nc5 36. b4 Rc8 37. b5
Rxc6 38. bxc6 Qc7 39. Qf3 Ka7 40. Qxf6 Qxc6 41. Qg7+ Qb7 42. Qg8 Qe4+ 43.
Kb2 0-1

[Event "59th ch-RUS 1st League"]
[Site "Tomsk RUS"]
[Date "2006.09.04"]
[Round "2"]
[White "Chuprov,D"]
[Black "Tsigelnitskiy,I"]
[Result "1-0"]
[WhiteElo "2527"]
[BlackElo "2404"]
[EventDate "2006.09.03"]

1. e4 c5 2. Nc3 e6 3. g3 d5 4. exd5 exd5 5. Bg2 Nf6 6. d3 d4 7. Ne4 Nxe4 8.
Bxe4 Nd7 9. Bg2 Be7 10. Nf3 O-O 11. O-O Nf6 12. Bg5 Be6 13. Re1 Bd5 14.
Bxf6 Bxf6 15. Nd2 g6 16. a4 Bxg2 17. Kxg2 Qd5+ 18. Qf3 Qxf3+ 19. Kxf3 Rfe8
20. Nc4 Red8 21. Ra3 Rd7 22. Rb3 Kf8 23. Rb5 Rc8 24. Ra5 b6 25. Rb5 Rc6 26.
a5 Bd8 27. Rb3 Re7 28. Rxe7 Kxe7 29. axb6 axb6 30. Ra3 Ke6 31. Ra7 Bc7 32.
Na3 Be5 33. Rb7 Bc7 34. Nb5 Bd8 35. g4 h6 36. Ke4 f5+ 37. gxf5+ gxf5+ 38.
Kf3 Ke5 39. Rb8 Bg5 40. Na3 Kd6 41. Nc4+ Kc7 42. Rf8 f4 43. Rf7+ Kb8 44.
Ke4 Re6+ 45. Kd5 Re2 46. Kc6 Re6+ 47. Kd5 Re2 48. Nxb6 Bd8 49. Nd7+ Kc8 50.
Nxc5 1-0

[Event "59th ch-RUS 1st League"]
[Site "Tomsk RUS"]
[Date "2006.09.04"]
[Round "2"]
[White "Arzhenkov,G"]
[Black "Kharitonov,Alexandr"]
[Result "1/2-1/2"]
[WhiteElo "2371"]
[BlackElo "2514"]
[EventDate "2006.09.03"]

1. d4 d5 2. Nf3 c6 3. c4 Nf6 4. Nc3 e6 5. cxd5 exd5 6. Bg5 h6 7. Bh4 Bf5 8.
e3 Nbd7 9. Bd3 Bxd3 10. Qxd3 Be7 11. O-O O-O 12. Rab1 a5 13. a3 Ne4 14.
Nxe4 Bxh4 15. Nxh4 Qxh4 16. Nd6 Rab8 17. b4 Qf6 18. Nf5 axb4 19. Rxb4 h5
20. Ng3 g6 21. Ne2 Qd6 22. Nf4 b5 23. Rc1 Ra8 24. Qc3 Ra6 25. g3 Rfa8 26.
Rb3 Nf6 27. f3 Nd7 28. Kf2 Nb8 29. Qc5 Qxc5 30. Rxc5 Ra4 31. Rc2 Rc4 32.
Rd2 Nd7 33. Nd3 Nb6 34. Nb4 f5 35. Ke2 Kf8 36. Kd3 Ke7 37. e4 fxe4+ 38.
fxe4 dxe4+ 39. Kxe4 Kd6 40. Kf4 Re8 41. Kg5 Re6 42. Na6 Nd7 43. Rf3 Rc1 44.
h4 Rce1 45. Rdd3 R1e4 46. Rf4 Re3 47. Rf3 R3e4 48. Rf4 1/2-1/2

[Event "59th ch-RUS 1st League"]
[Site "Tomsk RUS"]
[Date "2006.09.05"]
[Round "3"]
[White "Alekseev,Evgeny"]
[Black "Kornev,Alexei"]
[Result "1/2-1/2"]
[WhiteElo "2644"]
[BlackElo "2568"]
[EventDate "2006.09.03"]

1. e4 c6 2. d4 d5 3. Nc3 dxe4 4. Nxe4 Bf5 5. Ng3 Bg6 6. h4 h6 7. Nf3 Nd7 8.
h5 Bh7 9. Bd3 Bxd3 10. Qxd3 e6 11. Bf4 Qa5+ 12. Bd2 Bb4 13. c3 Be7 14. c4
Qc7 15. O-O-O Ngf6 16. Ne4 b5 17. c5 Nxe4 18. Qxe4 Nf6 19. Qe2 Qd7 20. Kb1
Qd5 21. Ne5 Qe4+ 22. Qxe4 Nxe4 23. Be1 Rc8 24. Rd3 Bf6 25. b4 O-O 26. f3
Ng5 27. Bf2 Rfd8 28. Re1 Bxe5 29. Rxe5 Nh7 30. Ra3 Rd7 31. Kc2 Nf6 32. Kb3
Kf8 33. Ra6 Rb7 34. g4 Nd5 35. Bg3 Ke7 36. Re1 Kd7 37. Ra1 g6 38. a4 gxh5
39. axb5 Rxb5 40. Rxa7+ Ke8 41. Be1 hxg4 42. fxg4 Rcb8 43. Ra8 Ke7 44. Rxb8
Rxb8 45. Ra6 Rc8 46. Bd2 f5 47. gxf5 exf5 48. Kc4 f4 49. b5 f3 50. bxc6 f2
51. Ra1 Ke6 52. Kd3 Ra8 53. Rf1 Ra3+ 54. Kc4 Rf3 55. Bxh6 Rc3+ 56. Kb5 Rb3+
57. Ka4 Rb2 58. Ka3 Re2 59. Bg5 Nc7 60. Kb4 Kd5 61. Bh4 Re4 62. Bf6 Kxc6
63. Rxf2 Rf4 64. Rxf4 Nd5+ 65. Kc4 Nxf4 66. Be5 1/2-1/2

[Event "59th ch-RUS 1st League"]
[Site "Tomsk RUS"]
[Date "2006.09.05"]
[Round "3"]
[White "Inarkiev,E"]
[Black "Zakhartsov,V"]
[Result "1/2-1/2"]
[WhiteElo "2625"]
[BlackElo "2548"]
[EventDate "2006.09.03"]

1. d4 d5 2. c4 c6 3. Nf3 Nf6 4. e3 Bf5 5. Nc3 e6 6. Nh4 Bg6 7. Nxg6 hxg6 8.
g3 Nbd7 9. Bg2 Be7 10. Qe2 dxc4 11. Qxc4 e5 12. O-O Nb6 13. Qe2 exd4 14.
Rd1 O-O 15. Rxd4 Qc7 16. b4 Rad8 17. Rxd8 Rxd8 18. b5 Nfd5 19. Nxd5 Nxd5
20. Bb2 c5 21. Qc4 Nb6 22. Qe4 Rd7 23. a4 Bf6 24. a5 Nc8 25. Bxf6 gxf6 26.
Rc1 Kg7 27. Bh3 Rd8 28. Bf1 Rd2 29. h4 Nd6 30. Qf4 Rd5 31. Bg2 Rf5 32. Qa4
c4 33. a6 bxa6 34. bxa6 Ra5 35. Qd1 Rxa6 36. h5 Qc5 37. hxg6 fxg6 38. Qg4
f5 39. Qf4 c3 40. g4 fxg4 41. Qxg4 Nf5 42. Qg5 Ra2 43. Be4 Qa3 44. Bxf5
Qxc1+ 1/2-1/2

[Event "59th ch-RUS 1st League"]
[Site "Tomsk RUS"]
[Date "2006.09.05"]
[Round "3"]
[White "Chernyshov,K"]
[Black "Smirnov,P"]
[Result "0-1"]
[WhiteElo "2537"]
[BlackElo "2613"]
[EventDate "2006.09.03"]

1. e4 c5 2. Nf3 Nc6 3. Bb5 g6 4. O-O Bg7 5. h3 Nf6 6. d3 O-O 7. Nc3 Nd4 8.
Bc4 d6 9. Bg5 h6 10. Be3 Nd7 11. Bxd4 cxd4 12. Nb5 Qb6 13. a4 e5 14. a5 Qc6
15. c3 a6 16. Na3 dxc3 17. bxc3 Qc5 18. Nc2 b5 19. Bd5 Ra7 20. Nb4 Nf6 21.
Qb3 Nxd5 22. exd5 Bd7 23. Rfc1 Kh7 24. d4 Qc8 25. c4 Rc7 26. c5 e4 27. Nd2
dxc5 28. d6 c4 29. Qe3 Ra7 30. Nxe4 Bf5 31. Nc5 Rd8 32. Qf4 g5 33. Qf3 Rxd6
34. Rd1 Bg6 35. Ne4 Rxd4 36. Nf6+ Bxf6 37. Qxf6 Rxd1+ 38. Rxd1 Rd7 39. Nd5
Be4 40. Rd4 Qc5 41. h4 gxh4 42. Rxe4 Qxd5 43. Re5 Qd1+ 44. Kh2 Qd6 45. Qf5+
Kg7 46. f4 c3 47. Qg4+ Kf8 48. Qf5 Rc7 49. Qh7 Qf6 0-1

[Event "59th ch-RUS 1st League"]
[Site "Tomsk RUS"]
[Date "2006.09.05"]
[Round "3"]
[White "Nepomniachtchi,I"]
[Black "Popov,Val"]
[Result "1/2-1/2"]
[WhiteElo "2520"]
[BlackElo "2578"]
[EventDate "2006.09.03"]

1. e4 c5 2. Nf3 d6 3. d4 cxd4 4. Nxd4 Nf6 5. Nc3 a6 6. Be3 Ng4 7. Bc1 Nc6
8. h3 Nf6 9. f4 e6 10. Be3 d5 11. e5 Nd7 12. Qg4 h5 13. Qg3 g5 14. fxg5 h4
15. Nxc6 bxc6 16. Qf2 Bg7 17. Bd3 Bxe5 18. O-O Qe7 19. Kh1 Bb7 20. Na4 Bg3
21. Qf3 Bd6 22. b4 a5 23. Nc5 Ne5 24. Qe2 Nxd3 25. cxd3 Bc8 26. a3 axb4 27.
Qb2 O-O 28. Qxb4 e5 29. Rae1 f5 30. gxf6 Rxf6 31. Rf2 Rxf2 32. Bxf2 Rb8 33.
Qd2 Kg7 34. a4 Bf5 35. a5 Kg6 36. Qc2 Rb5 37. Nb3 Qb7 38. Bxh4 Rxb3 39. a6
Bxd3 40. Qd1 Qb4 41. a7 Ra3 42. Qxd3+ Rxd3 43. a8=Q Qxh4 44. Qg8+ Kf5 45.
Qf7+ Kg5 46. Qg7+ Kf5 47. Qd7+ Kf4 48. Qf7+ Kg5 49. Qg7+ 1/2-1/2

[Event "59th ch-RUS 1st League"]
[Site "Tomsk RUS"]
[Date "2006.09.05"]
[Round "3"]
[White "Yevseev,D"]
[Black "Lysyj,I"]
[Result "1/2-1/2"]
[WhiteElo "2572"]
[BlackElo "2547"]
[EventDate "2006.09.03"]

1. Nf3 Nf6 2. c4 e6 3. g3 b6 4. Bg2 Bb7 5. d4 Bb4+ 6. Bd2 a5 7. O-O O-O 8.
Nc3 Ne4 9. Nxe4 Bxe4 10. Bf4 Be7 11. d5 Na6 12. Qd2 Nc5 13. Rfd1 Bf6 14.
Rac1 Re8 15. Be3 1/2-1/2

[Event "59th ch-RUS 1st League"]
[Site "Tomsk RUS"]
[Date "2006.09.05"]
[Round "3"]
[White "Najer,E"]
[Black "Chuprov,D"]
[Result "1/2-1/2"]
[WhiteElo "2677"]
[BlackElo "2527"]
[EventDate "2006.09.03"]

1. e4 c6 2. d4 d5 3. e5 c5 4. Nf3 Nc6 5. c4 cxd4 6. Nxd4 e6 7. Nc3 Bb4 8.
Nxc6 bxc6 9. Qa4 a5 10. cxd5 Qxd5 11. Qxb4 axb4 12. Nxd5 cxd5 13. Bd2 b3
14. a3 Ba6 15. Rc1 Kd7 16. Bxa6 Rxa6 17. h4 Ne7 18. Rh3 Rb8 19. Rf3 Ke8 20.
Rc7 Rc6 21. Ra7 h5 22. Rc3 Rxc3 23. Bxc3 Nf5 24. a4 d4 25. Bd2 Nxh4 26. a5
Nxg2+ 27. Ke2 d3+ 28. Kf3 Nh4+ 29. Ke4 Rc8 30. a6 Rc4+ 31. Kxd3 Ra4 32. Kc3
Nf3 33. Kxb3 Ra1 34. Bb4 Nd4+ 35. Kc4 Nc6 36. Ra8+ Kd7 37. Bd6 h4 38. Kb5
h3 39. Rh8 Na7+ 40. Kb6 Nc8+ 41. Kb7 Ra5 42. Rxh3 Rb5+ 43. Ka8 Nb6+ 44. Ka7
1/2-1/2

[Event "59th ch-RUS 1st League"]
[Site "Tomsk RUS"]
[Date "2006.09.05"]
[Round "3"]
[White "Khairullin,I"]
[Black "Zvjaginsev,V"]
[Result "1-0"]
[WhiteElo "2538"]
[BlackElo "2675"]
[EventDate "2006.09.03"]

1. e4 c5 2. Nf3 d6 3. d4 cxd4 4. Nxd4 e5 5. Bb5+ Nd7 6. Nf5 a6 7. Ba4 b5 8.
Bb3 Nc5 9. Nc3 b4 10. Nd5 g6 11. Nfe3 a5 12. Bc4 Bg7 13. Qf3 Nf6 14. Nxf6+
Qxf6 15. Qxf6 Bxf6 16. Bd5 Ra6 17. a3 Be6 18. axb4 axb4 19. Rxa6 Nxa6 20.
Ke2 Nc5 21. Bd2 b3 22. Bb4 bxc2 23. Bxc5 dxc5 24. Bxe6 fxe6 25. Rc1 Kd7 26.
Rxc2 Rb8 27. Nc4 Kc6 28. Kd2 Rd8+ 29. Kc3 Rd4 30. f3 Bd8 31. Rc1 Bc7 32.
Ra1 Kb7 33. Nd2 Bb6 34. Nb3 Rb4 35. Nc1 Rd4 36. Nd3 Rd8 37. Nxe5 Bc7 38.
Nc4 g5 39. h3 h5 40. Kc2 Rf8 41. Kd3 Rd8+ 42. Ke2 Rd4 43. Rc1 h4 44. b3 Rd8
45. Nb2 Bd6 46. Rd1 Kc7 47. Nc4 Bg3 48. Rxd8 Kxd8 49. Kd3 Kc7 50. e5 Kc6
51. Ke4 Kb5 52. Nd6+ Kc6 53. Nf7 Bf4 54. Nh8 Kb5 55. Ng6 Kb4 56. Nf8 Kxb3
57. Nxe6 c4 58. Nd4+ Kb4 59. Kd5 1-0

[Event "59th ch-RUS 1st League"]
[Site "Tomsk RUS"]
[Date "2006.09.05"]
[Round "3"]
[White "Shomoev,A"]
[Black "Volkov,S1"]
[Result "0-1"]
[WhiteElo "2528"]
[BlackElo "2628"]
[EventDate "2006.09.03"]

1. e4 e6 2. d4 d5 3. Nc3 Nf6 4. e5 Nfd7 5. f4 c5 6. Nf3 Qb6 7. Be3 Nc6 8.
Na4 Qa5+ 9. c3 c4 10. b4 Qc7 11. Be2 Be7 12. O-O Nf8 13. Nb2 Bd7 14. a4 Ng6
15. Qe1 f5 16. Ng5 O-O 17. Qg3 a6 18. Rf3 b5 19. a5 Nxb4 20. cxb4 Bxb4 21.
Bf2 Be7 22. Rc3 Qd8 23. Nf3 Bb4 24. Re3 Rc8 25. h4 Ne7 26. Ne1 Nc6 27. Nc2
Bxa5 28. Rea3 b4 29. Rxa5 Nxa5 30. Nxb4 Qb6 31. Qc3 Rb8 32. Be1 Nb3 33.
Rxa6 Qxd4+ 34. Qxd4 Nxd4 35. Bf1 Bb5 36. Rd6 Rfd8 37. Nd1 Kf7 38. Nc3 Rxd6
39. exd6 Ke8 40. Bf2 Nb3 41. Nc2 Kd7 42. Nd4 Bc6 43. Be3 Kxd6 44. Be2 Bd7
45. Kf2 Nc5 46. Bc1 Kc7 47. Ke3 Ra8 48. Bb2 g6 49. h5 gxh5 50. Nxf5 exf5
51. Nxd5+ Kb7 52. Nb4 Ra4 53. Bf3+ Ne4 54. Nd5 Ra2 55. Be5 Ra3+ 56. Kd4 Nd2
57. Bxh5 Rd3+ 58. Kc5 Be6 59. Nb4 Rd8 60. Nc2 c3 61. Kb4 Rc8 62. Be2 Bc4
63. Bd1 Bd3 64. Bd6 Rc4+ 65. Ka3 Kc6 66. Be5 Kb5 67. Ka2 Ra4+ 68. Na3+
Rxa3+ 69. Kxa3 c2 0-1

[Event "59th ch-RUS 1st League"]
[Site "Tomsk RUS"]
[Date "2006.09.05"]
[Round "3"]
[White "Alavkin,A"]
[Black "Korotylev,A"]
[Result "1/2-1/2"]
[WhiteElo "2492"]
[BlackElo "2613"]
[EventDate "2006.09.03"]

1. e4 c5 2. Nf3 Nc6 3. Bb5 d6 4. O-O Bd7 5. Re1 Nf6 6. c3 a6 7. Bf1 Bg4 8.
d3 e6 9. Nbd2 Be7 10. h3 Bh5 11. g4 Bg6 12. Nh4 Nd7 13. Ng2 h6 14. f4 Bh7
15. Nf3 O-O 16. f5 Nde5 17. Bf4 Kh8 18. Kh1 Nxf3 19. Qxf3 Bg5 20. Qf2 Bxf4
21. Nxf4 g6 22. d4 cxd4 23. cxd4 gxf5 24. gxf5 Qe7 25. Bg2 Rae8 26. Rad1
exf5 27. e5 dxe5 28. Bxc6 bxc6 29. dxe5 Rd8 30. Rc1 Qb7 31. Rc5 Bg6 32. a3
Rg8 33. b4 Qd7 34. Rec1 Qd4 35. Qxd4 Rxd4 36. R5c4 Re4 37. Rxe4 fxe4 38.
Kg2 Bf5+ 39. Kf2 Rc8 40. Rc5 Kg7 41. Ke3 Kf8 42. Ra5 Ra8 43. Rc5 Rc8 44.
Ra5 1/2-1/2

[Event "59th ch-RUS 1st League"]
[Site "Tomsk RUS"]
[Date "2006.09.05"]
[Round "3"]
[White "Voitsekhovsky,S"]
[Black "Belov,Vl"]
[Result "0-1"]
[WhiteElo "2494"]
[BlackElo "2598"]
[EventDate "2006.09.03"]

1. e4 c5 2. Nf3 d6 3. d4 cxd4 4. Nxd4 Nf6 5. Nc3 e6 6. Be2 Be7 7. O-O Nc6
8. Kh1 Bd7 9. Ndb5 Qb8 10. Bf4 Ne5 11. Bg3 a6 12. Nd4 Qc7 13. f4 Nc4 14. e5
dxe5 15. fxe5 Nxe5 16. Qe1 Bd6 17. Rd1 O-O-O 18. a4 Be8 19. Bb5 Neg4 20.
Bxe8 Bxg3 21. hxg3 Rhxe8 22. Nce2 Qc5 0-1

[Event "59th ch-RUS 1st League"]
[Site "Tomsk RUS"]
[Date "2006.09.05"]
[Round "3"]
[White "Riazantsev,A"]
[Black "Gochelashvili,D"]
[Result "0-1"]
[WhiteElo "2622"]
[BlackElo "2448"]
[EventDate "2006.09.03"]

1. d4 Nf6 2. c4 g6 3. Nc3 Bg7 4. e4 d6 5. f3 O-O 6. Bg5 c5 7. d5 e6 8. Qd2
exd5 9. Nxd5 Be6 10. Ne2 Bxd5 11. cxd5 Re8 12. Nc3 a6 13. Rc1 Nbd7 14. Be2
Qa5 15. b3 b5 16. O-O Rac8 17. Rc2 Nb6 18. Bf4 c4 19. Bxd6 b4 20. Nd1 c3
21. Qd3 Nbxd5 22. Qxa6 Qd8 23. Bg3 Nc7 24. Qb7 Ne6 25. Bf2 Nd4 26. Bxd4
Qxd4+ 27. Nf2 Rb8 28. Qa6 Bh6 29. Rd1 Bd2 30. Kf1 Red8 31. Bc4 Rd6 32. Qa5
Nd7 33. Ng4 Kg7 34. e5 Rc6 35. Qd5 Qxd5 36. Bxd5 Rc5 37. e6 Nb6 38. Bc4 f5
39. Nf2 Nxc4 40. bxc4 Kf6 41. g3 Kxe6 42. f4 Rd8 43. Nh3 h6 44. Ng1 Rd3 45.
Ke2 Re3+ 46. Kf2 Re4 47. Nf3 Be3+ 48. Kf1 Rcxc4 49. Ne5 Rcd4 50. Rxd4 Bxd4
51. Nxg6 Kd5 52. Nh4 Kc4 53. Rc1 Kd3 54. Nxf5 c2 55. Nd6 Re6 56. Nc4 Be3
57. Nxe3 Rxe3 58. Kf2 Re8 59. g4 Kd2 60. Rg1 c1=Q 0-1

[Event "59th ch-RUS 1st League"]
[Site "Tomsk RUS"]
[Date "2006.09.05"]
[Round "3"]
[White "Sitnikov,D"]
[Black "Belozerov,A"]
[Result "0-1"]
[WhiteElo "2430"]
[BlackElo "2518"]
[EventDate "2006.09.03"]

1. e4 e5 2. Nf3 Nc6 3. Bb5 a6 4. Ba4 Nf6 5. Qe2 b5 6. Bb3 Bc5 7. c3 O-O 8.
d3 d6 9. Bg5 h6 10. Bh4 Qe7 11. Nbd2 Be6 12. g4 Bxb3 13. axb3 Qe6 14. g5
Nh7 15. gxh6 Qxh6 16. O-O-O a5 17. Kc2 a4 18. Ra1 axb3+ 19. Nxb3 Bb6 20.
Bg3 Qe6 21. h4 Rxa1 22. Rxa1 f5 23. exf5 Qxf5 24. Nbd2 Nf6 25. Ng5 d5 26.
f4 exf4 27. Bxf4 Re8 28. Qf3 b4 29. h5 bxc3 30. bxc3 Ng4 31. Qg3 d4 32. Qf3
Qd7 33. c4 Ne3+ 34. Kb2 Ba5 35. Nde4 Bc3+ 36. Nxc3 dxc3+ 37. Kc1 Nd4 38. h6
0-1

[Event "59th ch-RUS 1st League"]
[Site "Tomsk RUS"]
[Date "2006.09.05"]
[Round "3"]
[White "Anisimov,P"]
[Black "Arzhenkov,G"]
[Result "1-0"]
[WhiteElo "2515"]
[BlackElo "2371"]
[EventDate "2006.09.03"]

1. e4 c5 2. Nf3 e6 3. d4 cxd4 4. Nxd4 a6 5. Nc3 Qc7 6. g3 Nc6 7. Bg2 h5 8.
h3 Nf6 9. O-O Nxd4 10. Qxd4 Bc5 11. Qd3 h4 12. g4 Qg3 13. Qe2 Qc7 14. e5
Ng8 15. Bf4 Ne7 16. Ne4 Rb8 17. Nd6+ Kf8 18. Bh2 Nc6 19. Rad1 b5 20. Rd3
Bxd6 21. Rxd6 Bb7 22. Qd2 Rd8 23. Qc3 Qc8 24. Rfd1 Nb8 25. Qxc8 Bxc8 26.
Rb6 1-0

[Event "59th ch-RUS 1st League"]
[Site "Tomsk RUS"]
[Date "2006.09.05"]
[Round "3"]
[White "Kharitonov,Alexandr"]
[Black "Karpov,Va"]
[Result "1/2-1/2"]
[WhiteElo "2514"]
[BlackElo "2411"]
[EventDate "2006.09.03"]

1. d4 Nf6 2. c4 e6 3. Nc3 d5 4. cxd5 exd5 5. Bg5 c6 6. e3 Be7 7. Qc2 Nbd7
8. Bd3 Nh5 9. Bxe7 Qxe7 10. Nge2 g6 11. O-O-O Nb6 12. Rhe1 Ng7 13. Ng3 Be6
14. Kb1 O-O 15. Rc1 Rfd8 16. Na4 Nxa4 17. Qxa4 Qf6 18. Re2 a6 19. Qb4 Rd7
20. Rd2 Rad8 21. Qb3 Qg5 22. Qd1 Bf5 23. Nxf5 Nxf5 24. Bxf5 1/2-1/2

[Event "59th ch-RUS 1st League"]
[Site "Tomsk RUS"]
[Date "2006.09.05"]
[Round "3"]
[White "Galkin,A"]
[Black "Gubajdullin,A"]
[Result "1-0"]
[WhiteElo "2600"]
[BlackElo "2431"]
[EventDate "2006.09.03"]

1. e4 c5 2. Nf3 g6 3. d4 Bg7 4. dxc5 Qa5+ 5. c3 Qxc5 6. Na3 Qc7 7. Nb5 Qd8
8. Bf4 d6 9. e5 a6 10. Qa4 Kf8 11. exd6 e5 12. Bg5 Qd7 13. Qa3 Nc6 14. Nc7
Rb8 15. Nd5 b6 16. O-O-O e4 17. Nd2 b5 18. Nxe4 b4 19. cxb4 h6 20. Be3 f5
21. Nc5 Qxd6 22. Nxa6 Bxa6 23. Bc5 Bxb2+ 24. Qxb2 Qxc5+ 25. bxc5 Rxb2 26.
Kxb2 Bxf1 27. Rhxf1 Rh7 28. Nb6 Ra7 29. Rfe1 Ra5 30. a4 Nge7 31. Rd7 Ke8
32. Rdxe7+ 1-0

[Event "59th ch-RUS 1st League"]
[Site "Tomsk RUS"]
[Date "2006.09.05"]
[Round "3"]
[White "Nechepurenko,R"]
[Black "Tsigelnitskiy,I"]
[Result "1-0"]
[WhiteElo "2463"]
[BlackElo "2404"]
[EventDate "2006.09.03"]

1. d4 Nf6 2. c4 c5 3. d5 b5 4. cxb5 a6 5. e3 g6 6. Nc3 Bg7 7. Nf3 O-O 8.
Bc4 axb5 9. Bxb5 d6 10. O-O Ba6 11. Bxa6 Nxa6 12. e4 Qb6 13. Rb1 Nc7 14.
Re1 Nb5 15. Na4 Qa6 16. b3 Nd7 17. Bb2 Nb6 18. Nxb6 Qxb6 19. Bxg7 Kxg7 20.
Qd2 Ra3 21. Rb2 Rfa8 22. Re2 Qa5 23. Qxa5 R8xa5 24. Rec2 Ra7 25. Kf1 f6 26.
Ke1 h5 27. h3 Kf7 28. Kd2 Nc7 29. Ng1 Na6 30. Ne2 Nb4 31. Nc3 Nxc2 32. Kxc2
R3a6 33. a4 Ra8 34. Nb5 Rc8 35. Na3 f5 36. f3 fxe4 37. fxe4 Kg7 38. Kd3 Rf8
39. Nb5 Rf1 40. Nc7 Ra5 41. Ne6+ Kh6 42. Nd8 Rd1+ 43. Ke2 Rg1 44. Kd3 Ra8
45. Nc6 Re1 46. a5 Ra1 47. Kc4 R1xa5 48. Nxa5 Rxa5 49. e5 dxe5 50. Re2 Kg7
51. Rxe5 Kf7 52. g3 Ra3 53. h4 Ra1 54. Kxc5 Rc1+ 55. Kb4 Rg1 56. Rg5 Rf1
57. Kc5 Rf6 58. b4 Ke8 59. b5 Kd7 60. b6 Kc8 61. Re5 Rf3 62. Rxe7 Rxg3 63.
d6 Rc3+ 64. Kd4 Rb3 65. Rc7+ 1-0

[Event "59th ch-RUS 1st League"]
[Site "Tomsk RUS"]
[Date "2006.09.05"]
[Round "3"]
[White "Shabanov,Y"]
[Black "Karalkin,M"]
[Result "1/2-1/2"]
[WhiteElo "2443"]
[BlackElo "2332"]
[EventDate "2006.09.03"]

1. e4 e6 2. d4 d5 3. Nd2 Nf6 4. e5 Nfd7 5. f4 c5 6. Ndf3 Nc6 7. c3 f5 8.
Ne2 Be7 9. g3 c4 10. Bg2 b5 11. O-O Nb6 12. h3 a5 13. g4 g6 14. Be3 Kd7 15.
Bf2 Kc7 16. Qe1 h6 17. Bh4 Bd7 18. Rb1 Rg8 19. Bxe7 1/2-1/2

[Event "59th ch-RUS 1st League"]
[Site "Tomsk RUS"]
[Date "2006.09.06"]
[Round "4"]
[White "Khismatullin,D"]
[Black "Timofeev,Arty"]
[Result "1/2-1/2"]
[WhiteElo "2568"]
[BlackElo "2657"]
[EventDate "2006.09.03"]

1. d4 Nf6 2. c4 g6 3. Nc3 d5 4. Bf4 Bg7 5. Rc1 Nh5 6. Bd2 dxc4 7. e3 Be6 8.
Nf3 c6 9. Ng5 Bd5 10. e4 h6 11. exd5 hxg5 12. Bxc4 Nf4 13. Qf3 O-O 14. h4
cxd5 15. Bb3 Nc6 16. hxg5 e5 17. dxe5 Nxe5 18. Qg3 Nfd3+ 19. Kf1 Nxc1 20.
Bxc1 Rc8 21. Bf4 Nc4 22. Qf3 Rc5 23. Na4 Rc6 24. Nc3 Rc5 25. Na4 Rc6 26.
Nc3 Rc5 1/2-1/2

[Event "59th ch-RUS 1st League"]
[Site "Tomsk RUS"]
[Date "2006.09.06"]
[Round "4"]
[White "Kornev,Alexei"]
[Black "Inarkiev,E"]
[Result "0-1"]
[WhiteElo "2568"]
[BlackElo "2625"]
[EventDate "2006.09.03"]

1. e4 e5 2. Bc4 Nf6 3. d3 Nc6 4. Nf3 Bc5 5. c3 a6 6. Bb3 d6 7. O-O Ba7 8.
Nbd2 O-O 9. h3 Ne7 10. Re1 Ng6 11. Nf1 Re8 12. Ng3 b5 13. a4 Bb7 14. d4 h6
15. Bc2 Bb6 16. Bd3 d5 17. exd5 Qxd5 18. axb5 axb5 19. Rxa8 Bxa8 20. Ne4
Nd7 21. Ned2 Kf8 22. c4 bxc4 23. Bxc4 Qd6 24. Qb3 Re7 25. Qa2 Bb7 26. Ne4
Bxe4 27. Rxe4 Nf6 28. dxe5 Bxf2+ 29. Kh2 Bg3+ 0-1